| 000 | 01508cam a2200217 4500 | ||
|---|---|---|---|
| 001 | ABS66316 | ||
| 008 | 030204n2003 000 0 eng u | ||
| 035 | _a(Sirsi) u121239 | ||
| 041 | 0 | _aeng | |
| 245 | 0 | 0 | _aCo-operative Insurance Society Ltd v Henry Boot Scotland Ltd and others |
| 260 | _c2003 | ||
| 520 | _a[2002] EWHC 1270 (TCC) 1 July 2002. Claimant (CIS) as employer claimed against main contractor (HB) and consulting engineer (CHW) for alleged breach of contractual obligations, under the to the JCT 80 Private with Quantities Contractors Designed Portion Supplement, after water and soil flooded sub-basement excavations. Although CHW produced a concept design for the substructure, earthwork, support and ground water exclusion, HB was held to be responsible for checking CHW's design. Due to a drafting error in the bills of quantities, HB was entitled to be paid for extra work under cl13.2 despite the design liability risk. | ||
| 590 | _aABS | ||
| 650 | 2 | 4 | _aCO-OPERATIVE INSURANCE SOCIETY LTD V HENRY BOOT SCOTLAND LTD AND OTHERS |
| 650 | 2 | 4 | _aSTANDARD METHOD OF MEASUREMENT (SEVENTH EDITION) |
| 650 | 2 | 4 | _aJCT 1980 PRIVATE WITH QUANTITIES CONTRACTORS DESIGNED PORTION SUPPLEMENT |
| 651 | 4 |
_aEngland and Wales _y1543- |
|
| 690 | _aBUILT ENVIRONMENT-CONSTRUCTION MANAGEMENT-BUILDING CONTRACT ADMINISTRATION | ||
| 856 |
_uhttps://www.bailii.org/cgi-bin/markup.cgi?doc=/ew/cases/EWHC/TCC/2002/1270.html&query=Henry Boot Scotland _zView judgment on the BAILII website... |
||
| 942 | _n0 | ||
| 999 |
_c72052 _d72052 |
||